00278nam a2200109Ia 4500008004100000082001500041100002200056245002700078260003500105300000800140650002000148191201s2011 xx 000 0 und d a823.5bGOV aGOLDSMITH, Oliver 0aThe Vicar of Wakefield aNew DelhibPeacock Booksc2020 a143 aBA Hons English